000 00625nam a2200229Ia 4500
003 OSt
005 20220928141611.0
006 a|||||r|||| 00| 0
007 ta
008 220927b |||||||| |||| 00| 0 eng d
024 _a16268
037 _cTextual
040 _aSDCL
_cSDCL
_beng
041 _2eng
_aeng
082 _aX:8-75, P5
100 _aFitzroy Peter
_9501137
245 0 _aStrategic management
_b Creating value in a turbulent world
260 _c2005
700 _a Hulbert James M
_9501138
942 _hX:8-75, P5
_cTEXL
_2CC
999 _c818622
_d818622